10 Franse steden met de meeste inwoners - Statistieken

Algemene statistieken
  • Deze quiz is 148 keer genomen
    145 sinds de laatste reset
  • De gemiddelde score is 8 van 10
Antwoordstatistieken
Hint Antwoord % Correct
2.206.488 Parijs
100%
861.635 Marseille
94%
513.275 Lyon
92%
342.522 Nice
85%
249.712 Bordeaux
83%
232.741 Rijsel / Lille
80%
513.275 Toulouse
74%
277.270 Straatsburg
63%
303.382 Nantes
52%
277.639 Montpellier
45%
Geen overeenkomende quizzen gevonden
Scoreverdeling
Procent van Mensen met Elke Score
Percentiel versus Aantal Correcte Antwoorden
Uw Scoregeschiedenis
U heeft deze quiz nog niet genomen sinds de laatste reset